000 00824nam a22002537a 4500
003 DO-SdBPM
005 20250603101349.0
008 160920b1986 pr |||| 00| 0 spa d
040 _aDO-SdBPM
_bspa
_cBPMSU
082 4 _a226.2
_bS927e 1986
_222
100 1 _aStruik O. P. Félix
245 1 0 _aEvangelio según Mateo :
_bcomentarios para la calle /
_cFélix Struik O. P.
250 _a2a. ed.
260 _aBayamón, Puerto Rico:
_bCentro de Estudios de los Dominicos del Caribe,
_c1986.
300 _a257 p. :
_bil. ;
_c 21 cm
490 0 _aEstudios pastorales,
_v2
500 _aIncluye datos biográficos del autor.
590 _aInventariado, 2025/VM
600 1 4 _aJesucristo
_xEnseñanzas.
650 4 _aEvangelios.
650 4 _aCristianismo.
910 _aVMateo V. Control de calidad. BPMSU
942 _2ddc
_cBK
999 _c11461
_d11461